[Event "Mechanics' Winter TNM; 30/90, SD/30"]
[Site "San Francisco"]
[Date "2013.02.26"]
[Round "8.30"]
[White "Filho, Murilo"]
[Black "Simpkins, Jerry"]
[Result "1-0"]
[WhiteElo "1745"]
[BlackElo "1339"]
[PlyCount "35"]
[EventDate "2013.??.??"]

1. d4 f5 2. Nf3 d5 3. Bg5 Nd7 4. e3 Ngf6 5. Bd3 Ne4 6. Bf4 Ndf6 7. Ne5 e6 8.
O-O h5 9. Bxe4 fxe4 10. Ng6 Rg8 11. Nc3 Bd6 12. Ne5 c6 13. f3 g5 14. Bg3 h4 15.
Be1 exf3 16. Qxf3 Rf8 17. Qe2 Nd7 18. Qh5+ 1-0

[Event "Mechanics' Fall TNM; 30/90, SD/30"]
[Site "San Francisco"]
[Date "2013.11.12"]
[Round "4.19"]
[White "Flores, David"]
[Black "Askin, Michael"]
[Result "1/2-1/2"]
[WhiteElo "1650"]
[BlackElo "1887"]
[PlyCount "96"]
[EventDate "2013.??.??"]

1. e4 c5 2. Nf3 d6 3. c3 Nf6 4. Qc2 Qc7 5. Na3 a6 6. h3 Nbd7 7. Be2 b5 8. b3
Bb7 9. d3 e6 10. Bf4 Qa5 11. Qb2 Be7 12. O-O O-O 13. Nc2 Rfe8 14. Bd2 Qc7 15.
Rfe1 d5 16. exd5 Nxd5 17. d4 Bf6 18. Rac1 Nf4 19. Bxf4 Qxf4 20. Ne3 b4 21. Ng4
bxc3 22. Nxf6+ Nxf6 23. Qxc3 Nd5 24. Qxc5 Rac8 25. Qa3 Nc3 26. Bf1 Nb5 27. Bxb5
axb5 28. Rxc8 Rxc8 29. Re3 g5 30. Nxg5 b4 31. Qb2 Rc3 32. Nxe6 fxe6 33. Rxc3
bxc3 34. Qxc3 Qe4 35. Qg3+ Kf7 36. a4 Qe1+ 37. Kh2 Bd5 38. Qc7+ Kg6 39. Qg3+
Kf7 40. h4 Qd1 41. Qf4+ Ke8 42. Qb8+ Kf7 43. Qc7+ Kg6 44. a5 Qxd4 45. Qg3+ Kf7
46. a6 Qb6 47. Qd3 Kg7 48. Qc3+ Kg6 1/2-1/2

[Event "Mechanics' Neil Falconer TNM; 30/90, SD"]
[Site "San Francisco"]
[Date "2013.09.24"]
[Round "8.21"]
[White "Flores, David"]
[Black "Chandrasekaran, Siddarth"]
[Result "0-1"]
[WhiteElo "1641"]
[BlackElo "1466"]
[Annotator "Donaldson"]
[PlyCount "62"]
[EventDate "2013.??.??"]

1. e4 e5 2. Nf3 Nc6 3. Nc3 Nf6 4. Bc4 Bb4 (4... Nxe4 5. Nxe4 (5. Bxf7+ Kxf7 6.
Nxe4 d5 7. Neg5+ Kg8 8. O-O h6 9. Nh3 Bg4 $19) 5... d5) 5. Nd5 Nxe4 (5... O-O
6. Nxb4 Nxb4 7. d3 d5) 6. Qe2 (6. Nxe5 Nxe5 7. Qe2 O-O 8. Qxe4 Nxc4 9. Qxc4
Re8+ 10. Ne3 a5 11. a3 d5) 6... Nf6 7. Nxb4 Nxb4 8. Bxf7+ $4 (8. Qxe5+ Qe7 9.
Qxe7+ Kxe7 10. Bb3 $11) 8... Kxf7 9. O-O Re8 10. Qc4+ Nbd5 11. Ng5+ Kg8 12. Ne4
Kh8 13. Ng5 Qe7 14. Qh4 h6 15. d3 Nh7 16. Qh5 Nf4 17. Nf7+ Kg8 18. Nxh6+ gxh6
19. Bxf4 exf4 20. Qg6+ Kh8 21. h3 Rg8 22. Qxh6 Qg5 23. Qxg5 Rxg5 24. Rae1 d6
25. Kh2 Bd7 26. f3 Rag8 27. Rf2 Rg3 28. Re4 Rf8 29. Rfe2 Rf7 30. c4 Rgg7 31. d4
Ng5 0-1

[Event "Mechanics' Spring TNM; 30/90, SD/30"]
[Site "San Francisco"]
[Date "2013.04.30"]
[Round "7.18"]
[White "Flores, David"]
[Black "Chernobilskiy, Mikhail"]
[Result "0-1"]
[WhiteElo "1695"]
[BlackElo "1864"]
[PlyCount "92"]
[EventDate "2013.??.??"]

1. e4 d5 2. exd5 Qxd5 3. Nf3 e5 4. d3 Nc6 5. Nc3 Bb4 6. Bd2 Bxc3 7. Bxc3 Bg4 8.
h3 Bxf3 9. gxf3 Nge7 10. Rg1 Ng6 11. Qe2 O-O-O 12. Qe4 Qd7 13. O-O-O Rhe8 14.
Qc4 f5 15. h4 Nd4 16. Bxd4 exd4 17. Rg5 Nxh4 18. Bh3 g6 19. Rg3 Qd6 20. Qb3
Qf4+ 21. Kb1 Qd2 22. Rgg1 Nxf3 23. Rxd2 Nxd2+ 24. Kc1 Nxb3+ 25. axb3 Re2 26.
Rf1 Rde8 27. Kd1 Kd7 28. Bg2 b6 29. Bf3 R2e5 30. Kd2 h5 31. Rg1 R8e6 32. c3 c5
33. cxd4 cxd4 34. b4 h4 35. Kc2 Re1 36. Rg2 h3 37. Rh2 Rf1 38. Kb3 g5 39. Rxh3
Rxf2 40. Kc4 g4 41. Rh7+ Re7 42. Bc6+ Kd6 43. Rh6+ Re6 44. Rxe6+ Kxe6 45. Kxd4
g3 46. Ke3 f4+ 0-1

[Event "Mechanics' Winter TNM; 30/90, SD/30"]
[Site "San Francisco"]
[Date "2013.02.05"]
[Round "5.32"]
[White "Flores, David"]
[Black "Cole, Tony"]
[Result "0-1"]
[WhiteElo "1695"]
[BlackElo "1500"]
[Annotator "Donaldson"]
[PlyCount "62"]
[EventDate "2013.??.??"]

1. e4 c5 (1... e5 2. Nf3 Nc6 3. Bc4 Nf6 4. Ng5 d5 5. exd5 Nxd5 6. Nxf7 Kxf7 7.
Qf3+ Ke6 8. Nc3 Nce7 9. O-O c6) 2. Nf3 Nc6 3. Bc4 e5 (3... e6) 4. O-O Nf6 5.
Nc3 (5. Ng5 $1 d5 6. exd5 Nxd5 7. Nxf7 Kxf7 8. Qf3+ Ke6 9. Nc3 Nce7 10. Re1 g6
11. d3 Bg7 12. Bg5 $18) 5... h6 6. Re1 d6 7. d3 Bg4 8. h3 Bh5 9. g4 Nxg4 10.
hxg4 Bxg4 11. Bxf7+ $2 (11. Nd5 $1 Nd4 12. Nxd4 $3 Bxd1 13. Bb5+) (11. Be3)
11... Kxf7 12. Ng5+ Qxg5 13. f3 Bxf3+ 14. Bxg5 Bxd1 15. Rf1+ Kg6 16. Raxd1 hxg5
17. Nd5 Rh4 18. Kg2 Nd4 19. Rd2 Rg4+ 20. Kh3 Kh5 21. c3 Rh4+ 22. Kg3 Ne6 23.
Rf5 Nf4 24. Nxf4+ exf4+ 25. Kg2 Kg4 26. Kg1 Rh3 27. Kf1 Rf3+ 28. Ke1 Re3+ 29.
Kd1 Be7 30. Rf7 Bf6 31. Rxb7 Kg3 0-1

[Event "Mechanics' Spring TNM; 30/90, SD/30"]
[Site "San Francisco"]
[Date "2013.04.02"]
[Round "3.34"]
[White "Flores, David"]
[Black "Cole, Tony"]
[Result "1-0"]
[WhiteElo "1695"]
[BlackElo "1439"]
[PlyCount "35"]
[EventDate "2013.??.??"]

1. e4 c5 2. Nf3 Nc6 3. Nc3 g6 4. Bc4 e6 5. d3 Bg7 6. O-O Nge7 7. Bg5 O-O 8. Re1
Qc7 9. Rb1 Re8 10. Qd2 Ne5 11. Nxe5 Qxe5 12. Nb5 Qb8 13. Bf4 Be5 14. Bxe5 Qxe5
15. f4 Qb8 16. f5 Kf8 17. Qh6+ Kg8 18. f6 1-0

[Event "Mechanics' Neil Falconer TNM; 30/90, SD"]
[Site "San Francisco"]
[Date "2013.09.10"]
[Round "6.24"]
[White "Flores, David"]
[Black "Cole, Tony"]
[Result "1-0"]
[WhiteElo "1641"]
[BlackElo "1400"]
[PlyCount "55"]
[EventDate "2013.??.??"]

1. e4 Nc6 2. Nc3 e5 3. Nf3 Nge7 4. Bc4 h6 5. O-O d6 6. h3 g5 7. Nh2 h5 8. d3
Ng6 9. Nd5 f6 10. Qf3 Bg7 11. c3 Nf4 12. Re1 Rh6 13. Kf1 g4 14. Qd1 Rg6 15.
Bxf4 exf4 16. Nxf4 Rg5 17. h4 Re5 18. d4 Ra5 19. b4 Ra3 20. Nxh5 Qd7 21. Qc1
Ra4 22. Bb5 Ra6 23. d5 Rb6 24. dxc6 bxc6 25. Be2 Ba6 26. c4 Rxb4 27. Nxg4 Bxc4
28. Ngxf6+ 1-0

[Event "Mechanics' Neil Falconer TNM; 30/90, SD"]
[Site "San Francisco"]
[Date "2013.08.13"]
[Round "2.30"]
[White "Flores, David"]
[Black "Gomboluudev, Enkhjin"]
[Result "1-0"]
[WhiteElo "1641"]
[BlackElo "1125"]
[Annotator "Donaldson"]
[PlyCount "59"]
[EventDate "2013.??.??"]

1. e4 e5 2. Nf3 Nc6 3. Bc4 Bc5 4. O-O d6 (4... Nf6 5. d3 (5. Nc3 O-O) 5... d6)
5. c3 Bg4 (5... Nf6 6. d4 Bb6) 6. h3 Bxf3 (6... Bh5 7. d4 exd4 8. g4 Bg6 9.
cxd4 $16) 7. Qxf3 Nf6 8. d3 h6 9. Qg3 Nh5 10. Qg4 g6 11. a4 Qf6 $2 (11... a6) (
11... a5) 12. b4 Nxb4 13. cxb4 Bxb4 14. Na3 c6 15. Nc2 Bc5 16. Rb1 b6 17. Be3
Bxe3 18. fxe3 Qg7 19. Bxf7+ Kd8 20. Qe6 Qf8 21. Bxg6 Qe7 22. Qxe7+ Kxe7 23.
Bxh5 Rhf8 24. Nb4 Rac8 25. Rxf8 Kxf8 26. Rf1+ Ke7 27. Rf7+ Ke6 28. Rxa7 c5 29.
Nd5 Rb8 30. Bg4# 1-0

[Event "Mechanics' Neil Falconer TNM; 30/90, SD"]
[Site "San Francisco"]
[Date "2013.10.01"]
[Round "9.22"]
[White "Flores, David"]
[Black "Hack, Richard"]
[Result "0-1"]
[WhiteElo "1641"]
[BlackElo "1567"]
[PlyCount "68"]
[EventDate "2013.??.??"]

1. e4 e5 2. Nf3 Nc6 3. Bb5 a6 4. Ba4 Nf6 5. O-O Nxe4 6. d4 b5 7. Bb3 d5 8. dxe5
Be6 9. c3 Bc5 10. Be3 Bxe3 11. fxe3 O-O 12. Nbd2 Bg4 13. h3 Bh5 14. Qe1 Nc5 15.
Bc2 Qe7 16. Qg3 Bg6 17. Bd1 Nd3 18. Bb3 Rad8 19. Nh4 Ncxe5 20. Nxg6 Nxg6 21.
Rab1 c5 22. Bc2 Nge5 23. Nb3 Rd6 24. e4 dxe4 25. Qe3 Nd7 26. Rbd1 Re8 27. Rb1
Qe5 28. a4 f5 29. Nc1 c4 30. Ne2 Rf6 31. Qa7 N7c5 32. Nd4 f4 33. axb5 axb5 34.
g4 f3 0-1

[Event "Mechanics' Winter TNM; 30/90, SD/30"]
[Site "San Francisco"]
[Date "2013.02.19"]
[Round "7.30"]
[White "Flores, David"]
[Black "Harris, Clarence"]
[Result "1-0"]
[WhiteElo "1695"]
[BlackElo "1418"]
[PlyCount "55"]
[EventDate "2013.??.??"]

1. e4 e5 2. Nf3 Nc6 3. Bc4 Nf6 4. d4 exd4 5. O-O d6 6. Ng5 d5 7. exd5 Ne5 8.
Re1 Bd6 9. f4 Bg4 10. Qxd4 Nfd7 11. fxe5 Bc5 12. Qxc5 Nxc5 13. e6 fxe6 14. dxe6
Qd4+ 15. Be3 Qxc4 16. Na3 Qb4 17. c3 Qxb2 18. Bxc5 Qxc3 19. Rac1 Qa5 20. Bf2
Qxg5 21. Rxc7 Bh3 22. Bg3 Bf5 23. Nc4 Rd8 24. Nd6+ Rxd6 25. Bxd6 Bxe6 26. Rxe6+
Kd8 27. Be7+ Kxc7 28. Bxg5 1-0

[Event "Mechanics' Fall TNM; 30/90, SD/30"]
[Site "San Francisco"]
[Date "2013.11.19"]
[Round "5.22"]
[White "Flores, David"]
[Black "Harris, Clarence"]
[Result "1-0"]
[WhiteElo "1650"]
[BlackElo "1314"]
[PlyCount "69"]
[EventDate "2013.??.??"]

1. e4 e5 2. Nf3 Nc6 3. Bc4 Nf6 4. Qe2 Be7 5. O-O O-O 6. c3 Na5 7. Nxe5 Nxc4 8.
Nxc4 d5 9. exd5 Nxd5 10. d4 Be6 11. Ne5 Rc8 12. Rd1 Re8 13. Qf3 Nf6 14. Nd2 Bd5
15. Qg3 Bd6 16. f4 Nh5 17. Qg4 Nf6 18. Qh3 Be6 19. Qd3 Bxe5 20. fxe5 Ng4 21.
Nf3 Qd7 22. h3 Bf5 23. Qe2 Nf6 24. Nh4 Bxh3 25. gxh3 Qxh3 26. Ng2 Ng4 27. Bf4
Re6 28. Rd3 Qh5 29. Bg3 f5 30. Nf4 Qh6 31. Nxe6 g5 32. d5 Qh5 33. Rf1 f4 34.
Bxf4 gxf4 35. Rxf4 1-0

[Event "Mechanics' Summer TNM; 30/90, SD/30"]
[Site "San Francisco"]
[Date "2013.06.11"]
[Round "3.30"]
[White "Flores, David"]
[Black "James, Charles"]
[Result "0-1"]
[WhiteElo "1654"]
[BlackElo "1503"]
[PlyCount "56"]
[EventDate "2013.??.??"]

1. e4 e6 2. d4 d5 3. Nd2 Be7 4. e5 c5 5. c3 Bd7 6. Ngf3 Nc6 7. a3 c4 8. g3 f6
9. Nh4 g6 10. Ndf3 Qc7 11. Bf4 g5 12. Nxg5 fxg5 13. Qh5+ Kd8 14. Ng6 Be8 15.
Bxg5 Bxg6 16. Bxe7+ Ngxe7 17. Qg5 Kd7 18. Bh3 Rag8 19. Qf6 Nd8 20. f4 Rf8 21.
Qh4 Nf5 22. Qg5 Rhg8 23. Kd2 Be8 24. Bxf5 Rxg5 25. Bxe6+ Nxe6 26. fxg5 Nxg5 27.
Ke3 Rf3+ 28. Ke2 Bh5 0-1

[Event "Mechanics' Winter TNM; 30/90, SD/30"]
[Site "San Francisco"]
[Date "2013.01.08"]
[Round "1.6"]
[White "Flores, David"]
[Black "Lin, Michael"]
[Result "0-1"]
[WhiteElo "1695"]
[BlackElo "2139"]
[PlyCount "86"]
[EventDate "2013.??.??"]

1. e4 e5 2. Nf3 Nc6 3. Bc4 Nf6 4. d3 Be7 5. Nc3 O-O 6. Be3 d6 7. h3 Na5 8. Bb3
Nxb3 9. axb3 d5 10. Nxe5 d4 11. Bd2 dxc3 12. bxc3 c5 13. O-O Qc7 14. Bf4 Bd6
15. d4 Nxe4 16. Qf3 f5 17. Rfe1 b6 18. Nd3 Bb7 19. Bxd6 Qxd6 20. dxc5 Nxc5 21.
Qe3 Nxd3 22. cxd3 Qc6 23. Qg3 Rf6 24. f3 Rg6 25. Qf4 Qxf3 26. Qxf3 Bxf3 27. Kf2
Bxg2 28. h4 Kf7 29. h5 Rg4 30. Re5 Kf6 31. Rae1 Be4 32. d4 Kf7 33. Ra1 Rg2+ 34.
Ke3 Rg3+ 35. Kd2 Rd3+ 36. Ke2 Rxc3 37. b4 a5 38. bxa5 Rxa5 39. Raxa5 bxa5 40.
Rxa5 Rh3 41. d5 Rxh5 42. d6 Ke6 43. Ra6 f4 0-1

[Event "Mechanics' Summer TNM; 30/90, SD/30"]
[Site "San Francisco"]
[Date "2013.07.09"]
[Round "7.26"]
[White "Flores, David"]
[Black "Nyangar, Enkhmaa"]
[Result "1-0"]
[WhiteElo "1654"]
[BlackElo "1564"]
[PlyCount "59"]
[EventDate "2013.??.??"]

1. e4 e5 2. Nf3 Nc6 3. Bb5 a6 4. Ba4 b5 5. Bb3 Nf6 6. O-O Nxe4 7. d4 f6 8. Bd5
Nd6 9. dxe5 fxe5 10. Bxc6 dxc6 11. Nxe5 Bb7 12. Qh5+ g6 13. Nxg6 hxg6 14. Qxg6+
Nf7 15. Re1+ Be7 16. Bg5 Qd5 17. Bxe7 c5 18. Bf6+ Kd7 19. Qg4+ Kc6 20. Nc3 Qh5
21. Qe6+ Nd6 22. Bxh8 Rxh8 23. h3 Bc8 24. Qe5 Qh7 25. Rad1 Rg8 26. g3 Bxh3 27.
Nd5 Re8 28. Nb4+ cxb4 29. Rxd6+ cxd6 30. Qxe8+ 1-0

[Event "Mechanics' Spring TNM; 30/90, SD/30"]
[Site "San Francisco"]
[Date "2013.03.19"]
[Round "1.7"]
[White "Flores, David"]
[Black "Pryor, Jamieson"]
[Result "0-1"]
[WhiteElo "1695"]
[BlackElo "2112"]
[PlyCount "100"]
[EventDate "2013.??.??"]

1. e4 e5 2. Nf3 Nc6 3. Bc4 Nf6 4. d3 Be7 5. O-O O-O 6. Nc3 d6 7. Nd5 Nxd5 8.
Bxd5 Bg4 9. h3 Bh5 10. g4 Bg6 11. c3 Qd7 12. b4 h5 13. Nh2 hxg4 14. Qxg4 Qxg4+
15. hxg4 a5 16. b5 Nd8 17. a4 c6 18. bxc6 bxc6 19. Bb3 Ne6 20. Nf3 Rfb8 21. Bc2
Nc5 22. Ba3 f6 23. Nh4 Bf7 24. Nf5 Bf8 25. Kg2 g6 26. Ne3 Bb3 27. Bxc5 Bxc2 28.
Nxc2 dxc5 29. Rfb1 Rd8 30. Ne1 Rab8 31. c4 Bh6 32. Kf1 Bd2 33. Rd1 Bxe1 34.
Kxe1 Rb4 35. Rd2 Kg7 36. Ke2 Rh8 37. Kf3 Rb3 38. Ke2 Rh2 39. Kf3 Rh3+ 40. Ke2
Kh6 41. Raa2 Kg5 42. Rab2 Rb4 43. Ra2 Kxg4 44. Ra1 Kf4 45. Rdd1 g5 46. Rg1 Rb2+
47. Kd1 Rxd3+ 48. Kc1 Rxf2 49. Rd1 Rxd1+ 50. Kxd1 g4 0-1

[Event "Mechanics' Fall TNM; 30/90, SD/30"]
[Site "San Francisco"]
[Date "2013.12.10"]
[Round "8.11"]
[White "Flores, David"]
[Black "Royzen, Igor"]
[Result "1/2-1/2"]
[WhiteElo "1650"]
[BlackElo "1844"]
[Annotator "Donaldson"]
[PlyCount "103"]
[EventDate "2013.??.??"]

1. g3 Nf6 2. Bg2 g6 3. Nf3 Bg7 4. O-O O-O 5. c3 d6 6. d3 c5 7. d4 Nc6 8. dxc5
dxc5 9. Qxd8 Rxd8 10. Be3 c4 11. Na3 Be6 12. Rad1 Ng4 13. Bc1 h6 14. Nb5 Rac8
15. h3 Nge5 16. Rxd8+ Rxd8 17. Nxe5 Nxe5 18. Nxa7 Rd6 19. Nb5 Rd7 20. Nd4 Bd5
21. f4 Bxg2 22. Kxg2 Nc6 23. Nxc6 bxc6 24. Be3 Rb7 25. Bc1 f5 26. Kf3 Kf7 27.
Rd1 Ke6 28. e4 fxe4+ 29. Kxe4 h5 30. g4 Rb5 31. Rd8 Rd5 32. f5+ gxf5+ 33. gxf5+
Rxf5 34. Bf4 Rb5 35. Rb8 Bf6 36. a4 Rxb8 37. Bxb8 Kd7 38. Kf5 Kc8 39. Bf4 Kb7
40. Bg5 Ka6 41. Bxf6 exf6 42. Kxf6 {Diagram # Black to play and draw.} Ka5 43.
Kg5 Kxa4 44. Kxh5 Kb3 45. Kg4 Kxb2 46. h4 Kxc3 47. h5 Kd2 48. h6 c3 49. h7 c2
50. h8=Q c1=Q 51. Qh6+ Kd1 52. Qh1+ 1/2-1/2

[Event "Mechanics' Summer TNM; 30/90, SD/30"]
[Site "San Francisco"]
[Date "2013.07.02"]
[Round "6.25"]
[White "Flores, David"]
[Black "Schlosberg, Max"]
[Result "1-0"]
[WhiteElo "1654"]
[BlackElo "1199"]
[PlyCount "71"]
[EventDate "2013.??.??"]

1. e4 e5 2. Nf3 Nc6 3. Bb5 a6 4. Ba4 Nf6 5. O-O Be7 6. Re1 b5 7. Bb3 O-O 8. d3
Na5 9. Nxe5 d6 10. Nf3 Bg4 11. Nbd2 Nxb3 12. axb3 d5 13. h3 Bh5 14. e5 Nd7 15.
g4 Bg6 16. Nf1 Re8 17. Ng3 Bh4 18. Kg2 c5 19. Bf4 h6 20. Qd2 Be7 21. h4 Qb6 22.
h5 Bh7 23. g5 hxg5 24. Nxg5 Bxg5 25. Bxg5 Rxe5 26. Rxe5 Nxe5 27. Re1 Nc6 28.
Qe2 f6 29. Qe6+ Kh8 30. Bxf6 gxf6 31. Qxf6+ Kg8 32. h6 Qc7 33. Re3 Qb7 34. Nh5
Ne5 35. Rxe5 d4+ 36. Kg1 1-0

[Event "Mechanics' Neil Falconer TNM; 30/90, SD"]
[Site "San Francisco"]
[Date "2013.08.27"]
[Round "4.23"]
[White "Flores, David"]
[Black "Simpkins, Jerry"]
[Result "1-0"]
[WhiteElo "1641"]
[BlackElo "1465"]
[PlyCount "51"]
[EventDate "2013.??.??"]

1. e4 e5 2. Nf3 d5 3. exd5 e4 4. Qe2 f5 5. d3 Qxd5 6. Nc3 Bb4 7. Bd2 Bxc3 8.
Bxc3 Nf6 9. O-O-O O-O 10. dxe4 Qxe4 11. Qc4+ Qxc4 12. Bxc4+ Kh8 13. Ng5 h6 14.
Bb4 Re8 15. Nf7+ Kh7 16. Rhe1 Bd7 17. Rxe8 Bxe8 18. Rd8 Nc6 19. Rxa8 Bxf7 20.
Bxf7 Nxb4 21. Rxa7 c5 22. Rxb7 Ne4 23. Be6 Nxf2 24. Bxf5+ Kg8 25. Bg6 Nc6 26.
Rb6 1-0

[Event "Mechanics' Fall TNM; 30/90, SD/30"]
[Site "San Francisco"]
[Date "2013.10.22"]
[Round "1.5"]
[White "Flores, David"]
[Black "Watson, Farid Mark"]
[Result "0-1"]
[WhiteElo "1650"]
[BlackElo "2078"]
[PlyCount "130"]
[EventDate "2013.??.??"]

1. e4 c5 2. Nf3 g6 3. Nc3 Bg7 4. Bc4 Nc6 5. a3 e6 6. d3 Nge7 7. Be3 d6 8. Bb3
a6 9. a4 Nd4 10. Bxd4 cxd4 11. Ne2 Nc6 12. O-O O-O 13. Nd2 Na5 14. c4 Bd7 15.
Bc2 Nc6 16. Nf3 e5 17. h3 Bh6 18. Ng3 Rc8 19. Qe1 a5 20. Bd1 Nb4 21. Qe2 Kh8
22. Ne1 Qh4 23. Nf3 Qe7 24. Ne1 Rg8 25. Nc2 Na6 26. Kh1 Rcf8 27. Qe1 Nc5 28.
Be2 Bxa4 29. Na3 f5 30. Rg1 Bc6 31. f3 a4 32. Nb5 Bf4 33. Nf1 fxe4 34. fxe4 Rg7
35. Nh2 Rgf7 36. Nf3 g5 37. Nh2 Rg7 38. Rd1 Bxh2 39. Kxh2 Bd7 40. Qg3 Rf4 41.
Bg4 Bxg4 42. hxg4 Rg6 43. Rh1 Qf8 44. Kg1 Rgf6 45. Rh5 h6 46. Qh3 Kg7 47. Nc7
Rf1+ 48. Rxf1 Rxf1+ 49. Kh2 Qf4+ 50. Qg3 Rh1+ 51. Kxh1 Qxg3 52. Ne8+ Kg6 53.
Rh3 Qxg4 54. Nxd6 Qd1+ 55. Kh2 Nxd3 56. Nf5 h5 57. Rf3 Qxf3 58. gxf3 Nxb2 59.
Ng3 a3 60. Nf5 a2 $138 61. Nd6 a1=Q 62. Nxb7 Nxc4 63. Nd8 Qb2+ 64. Kg3 h4+ 65.
Kh3 Qf2 0-1

[Event "Mechanics' Neil Falconer TNM; 30/90, SD"]
[Site "San Francisco"]
[Date "2013.08.27"]
[Round "4.29"]
[White "Frank, Robert"]
[Black "Bachseitz, Martin"]
[Result "0-1"]
[WhiteElo "1317"]
[BlackElo "1631"]
[PlyCount "98"]
[EventDate "2013.??.??"]

1. d4 d5 2. Nf3 Nf6 3. e3 c5 4. Bb5+ Bd7 5. Bxd7+ Nbxd7 6. O-O e6 7. Nbd2 Bd6
8. b3 Qc7 9. h3 O-O 10. Bb2 c4 11. bxc4 dxc4 12. c3 Nd5 13. Ne4 Be7 14. Qc2 h6
15. Qe2 b5 16. Rac1 Qa5 17. Ba1 f5 18. Ng3 N7f6 19. Ne5 Qc7 20. Nh5 Bd6 21.
Nxf6+ Rxf6 22. f4 Bxe5 23. fxe5 Rg6 24. Kh2 Qe7 25. e4 fxe4 26. Qxe4 Qg5 27.
Qf3 Qe7 28. Qe4 Rg5 29. g4 h5 30. Rc2 Rf8 31. Rf3 Rxf3 32. Qxf3 hxg4 33. hxg4
Rg6 34. Kg3 Qg5 35. Rh2 Qe3 36. Qxe3 Nxe3 37. Rh4 Nf5+ 38. Kh3 Nxh4 39. Kxh4
Rh6+ 40. Kg3 Rh1 41. Bb2 Rb1 42. Ba3 Ra1 43. Bb4 Rxa2 44. d5 exd5 45. e6 Re2
46. e7 Kf7 47. Kf4 Rxe7 48. Bxe7 Kxe7 49. Ke5 a5 0-1

[Event "Mechanics' Winter TNM; 30/90, SD/30"]
[Site "San Francisco"]
[Date "2013.02.19"]
[Round "7.32"]
[White "Frank, Robert"]
[Black "Bayaraa, Chinguun"]
[Result "0-1"]
[WhiteElo "1264"]
[BlackElo "1645"]
[PlyCount "70"]
[EventDate "2013.??.??"]

1. d4 d5 2. Nf3 e6 3. e3 Nf6 4. Bd3 Be7 5. Nbd2 O-O 6. e4 dxe4 7. Nxe4 Nbd7 8.
O-O Nxe4 9. Bxe4 Nf6 10. Bd3 b6 11. Qe2 Bb7 12. Rd1 Qc8 13. Bf4 Nd5 14. Bg3 c5
15. c4 Nb4 16. Be4 Bxe4 17. Qxe4 cxd4 18. Rxd4 Bc5 19. Rd2 Rd8 20. a3 Rxd2 21.
Nxd2 Nc6 22. b4 Bf8 23. Re1 Ne7 24. Nf3 Qe8 25. h4 Rc8 26. Ng5 Nf5 27. Kh2 h6
28. Nh3 Rd8 29. Qc2 Qc6 30. Be5 Bd6 31. g3 Bxe5 32. Rxe5 Nd4 33. Qe4 Nf3+ 34.
Kg2 Nxe5 35. Qxc6 Nxc6 0-1

[Event "Mechanics' Summer TNM; 30/90, SD/30"]
[Site "San Francisco"]
[Date "2013.05.28"]
[Round "1.26"]
[White "Frank, Robert"]
[Black "Delmonico, Nils"]
[Result "0-1"]
[WhiteElo "1343"]
[BlackElo "1874"]
[PlyCount "62"]
[EventDate "2013.??.??"]

1. d4 Nf6 2. Nf3 e6 3. e3 b6 4. Bd3 Bb7 5. Nbd2 d5 6. O-O Be7 7. Ne5 O-O 8. Qf3
Nbd7 9. Nxd7 Qxd7 10. a4 a5 11. b3 Bb4 12. Qd1 Bxd2 13. Qxd2 Ba6 14. Qe2 Bxd3
15. Qxd3 Rfd8 16. f3 Qc6 17. Bb2 Rac8 18. c4 Qb7 19. cxd5 exd5 20. Rac1 Re8 21.
Rc2 Re6 22. Rfc1 c6 23. h3 Rce8 24. Re1 Qb8 25. Kf2 Nh5 26. Kg1 Qg3 27. Ree2
Rg6 28. Kh1 Qg5 29. Kh2 Ng3 30. Re1 Nf5 31. Bc1 Qg3+ 0-1

[Event "Mechanics' Fall TNM; 30/90, SD/30"]
[Site "San Francisco"]
[Date "2013.12.10"]
[Round "8.23"]
[White "Frank, Robert"]
[Black "Drane, Robert"]
[Result "0-1"]
[WhiteElo "1389"]
[BlackElo "1811"]
[PlyCount "66"]
[EventDate "2013.??.??"]

1. d4 f5 2. g3 Nf6 3. Bg2 e6 4. Nf3 Be7 5. O-O O-O 6. c4 d6 7. Nc3 Ne4 8. Qb3
Kh8 9. Nd2 Nxc3 10. bxc3 Nd7 11. f4 e5 12. e4 c5 13. exf5 cxd4 14. fxe5 Nc5 15.
Qc2 d3 16. Qd1 dxe5 17. g4 Bd7 18. Nb3 e4 19. Be3 Qc7 20. Kh1 Nxb3 21. axb3 Bc6
22. Bf4 Bd6 23. Bxd6 Qxd6 24. Qd2 Rfe8 25. Rae1 Rad8 26. Re3 Re7 27. b4 b6 28.
g5 Rf8 29. b5 Ba8 30. h4 Qe5 31. Bh3 Rc7 32. Ra1 Rxc4 33. Qxd3 exd3+ 0-1

[Event "Mechanics' Winter TNM; 30/90, SD/30"]
[Site "San Francisco"]
[Date "2013.02.12"]
[Round "6.30"]
[White "Frank, Robert"]
[Black "Filho, Murilo"]
[Result "1/2-1/2"]
[WhiteElo "1264"]
[BlackElo "1745"]
[PlyCount "152"]
[EventDate "2013.??.??"]

1. d4 d5 2. Nf3 Nf6 3. e3 Bf5 4. c4 e6 5. cxd5 exd5 6. Bd3 Bxd3 7. Qxd3 c6 8.
O-O Bd6 9. Nc3 O-O 10. a3 Nbd7 11. b4 b5 12. e4 Nxe4 13. Nxe4 dxe4 14. Qxe4 Qb6
15. Be3 Nf6 16. Qc2 Nd5 17. Rac1 Rac8 18. Ne5 Rfe8 19. Qb2 Bxe5 20. dxe5 Nxe3
21. fxe3 Qxe3+ 22. Qf2 Qxf2+ 23. Rxf2 Rxe5 24. Rf3 c5 25. Rfc3 c4 26. a4 a6 27.
axb5 axb5 28. Ra3 g6 29. Kf1 Rd8 30. Ra2 Rde8 31. Rd1 Rf5+ 32. Kg1 Kg7 33. Rad2
Rfe5 34. Kf1 Re3 35. Rb1 Rd3 36. Re2 Rxe2 37. Kxe2 Rb3 38. Rxb3 cxb3 39. Kd2 b2
40. Kc2 b1=Q+ 41. Kxb1 Kf6 42. Kc2 Ke5 43. Kd3 f5 44. g3 g5 45. h4 gxh4 46.
gxh4 f4 47. h5 h6 48. Ke2 Ke4 49. Kf2 f3 50. Kf1 Kd3 51. Kf2 Kc4 52. Kxf3 Kxb4
53. Kf4 Kc3 54. Kf5 b4 55. Kg6 b3 56. Kxh6 b2 57. Kg7 b1=Q 58. h6 Qg1+ 59. Kh8
Kd4 $2 {this allowed W to force a draw.} ({Instead, B wins with} 59... Qc5 $1
60. Kg8 (60. h7 $4 Qf8#) 60... Qg5+ 61. Kh7 Kd4 62. Kh8 Qxh6+ $18) 60. h7 Qh2
61. Kg8 Qg3+ 62. Kh8 Qh4 63. Kg8 Qg5+ 64. Kh8 Qf6+ 65. Kg8 Qd8+ 66. Kg7 Qc7+
67. Kg8 Qc8+ 68. Kg7 Qc7+ 69. Kg8 Qd8+ 70. Kg7 Qg5+ 71. Kh8 Qh6 72. Kg8 Qg6+
73. Kh8 Qf6+ 74. Kg8 Qe6+ 75. Kh8 Qe8+ 76. Kg7 Qe7+ 1/2-1/2

[Event "Mechanics' Spring TNM; 30/90, SD/30"]
[Site "San Francisco"]
[Date "2013.04.16"]
[Round "5.29"]
[White "Frank, Robert"]
[Black "Gardiner, Paul"]
[Result "0-1"]
[WhiteElo "1264"]
[BlackElo "1605"]
[PlyCount "92"]
[EventDate "2013.??.??"]

1. d4 Nf6 2. Nf3 g6 3. g3 Bg7 4. Bg2 O-O 5. O-O d6 6. c4 c5 7. dxc5 dxc5 8. Nc3
Nc6 9. Bg5 a6 10. a4 Qc7 11. Re1 Rd8 12. Qc1 Be6 13. Bf4 Qc8 14. b3 Nd4 15. Rb1
Bf5 16. e4 Bg4 17. Nxd4 cxd4 18. Nd5 Nxd5 19. cxd5 e5 20. dxe6 Bxe6 21. e5 Bd5
22. Qxc8 Raxc8 23. Bg5 Rd7 24. Bh3 Be6 25. Bxe6 fxe6 26. Bd2 Rd5 27. f4 Rc2 28.
Red1 Bf8 29. b4 b5 30. a5 Rd7 31. h4 Rdc7 32. Be1 R7c4 33. Kf1 h6 34. Bd2 Kf7
35. Ke1 Ke8 36. Rbc1 Rxc1 37. Rxc1 Rxc1+ 38. Bxc1 Bxb4+ 39. Bd2 Bc3 40. Kd1 Kd7
41. Kc2 b4 42. Bxc3 dxc3 43. g4 h5 44. g5 Kc6 45. Kb3 Kd5 46. Kc2 Ke4 0-1

[Event "Mechanics' Neil Falconer TNM; 30/90, SD"]
[Site "San Francisco"]
[Date "2013.08.13"]
[Round "2.28"]
[White "Frank, Robert"]
[Black "Gullickson, William"]
[Result "0-1"]
[WhiteElo "1317"]
[BlackElo "1669"]
[PlyCount "86"]
[EventDate "2013.??.??"]

1. d4 Nf6 2. Nf3 e6 3. e3 b6 4. Bd3 Bb7 5. Nbd2 d5 6. O-O Be7 7. Re1 O-O 8. e4
dxe4 9. Nxe4 Nbd7 10. Nxf6+ Nxf6 11. a4 c5 12. dxc5 Bxc5 13. Bg5 Be7 14. c4 Qc7
15. Qe2 Rfd8 16. Rad1 h6 17. Bh4 Rac8 18. Bg3 Qc6 19. Be5 Ng4 20. Be4 Qxe4 21.
Qxe4 Bxe4 22. Rxd8+ Rxd8 23. Rxe4 Rd1+ 24. Ne1 Nxe5 25. Rxe5 Bb4 26. Kf1 Rb1
27. Re2 g5 28. g3 Kg7 29. f3 Kf6 30. Kf2 Bxe1+ 31. Rxe1 Rxb2+ 32. Kg1 Ra2 33.
g4 Rxa4 34. Rc1 Ra2 35. c5 bxc5 36. Rxc5 a5 37. h3 a4 38. Rc4 a3 39. Rc3 Kg6
40. Re3 h5 41. Rd3 h4 42. Re3 Kf6 43. Re1 Rb2 0-1